<?xml version="1.0" encoding="UTF-8"?><?xml-stylesheet type="text/xsl" href="static/style.xsl"?><OAI-PMH xmlns="http://www.openarchives.org/OAI/2.0/" xmlns:xsi="http://www.w3.org/2001/XMLSchema-instance" xsi:schemaLocation="http://www.openarchives.org/OAI/2.0/ http://www.openarchives.org/OAI/2.0/OAI-PMH.xsd"><responseDate>2026-04-17T05:38:48Z</responseDate><request verb="GetRecord" identifier="oai:www.recercat.cat:2445/194918" metadataPrefix="marc">https://recercat.cat/oai/request</request><GetRecord><record><header><identifier>oai:recercat.cat:2445/194918</identifier><datestamp>2025-12-04T20:59:03Z</datestamp><setSpec>com_2072_1057</setSpec><setSpec>col_2072_478796</setSpec><setSpec>col_2072_478917</setSpec></header><metadata><record xmlns="http://www.loc.gov/MARC21/slim" xmlns:dcterms="http://purl.org/dc/terms/" xmlns:xsi="http://www.w3.org/2001/XMLSchema-instance" xmlns:doc="http://www.lyncode.com/xoai" xsi:schemaLocation="http://www.loc.gov/MARC21/slim http://www.loc.gov/standards/marcxml/schema/MARC21slim.xsd">
   <leader>00925njm 22002777a 4500</leader>
   <datafield ind2=" " ind1=" " tag="042">
      <subfield code="a">dc</subfield>
   </datafield>
   <datafield ind2=" " ind1=" " tag="720">
      <subfield code="a">Prieto, Cristina</subfield>
      <subfield code="e">author</subfield>
   </datafield>
   <datafield ind2=" " ind1=" " tag="720">
      <subfield code="a">Ruiz Cabañas, Javier</subfield>
      <subfield code="e">author</subfield>
   </datafield>
   <datafield ind2=" " ind1=" " tag="720">
      <subfield code="a">Madina, Virginia</subfield>
      <subfield code="e">author</subfield>
   </datafield>
   <datafield ind2=" " ind1=" " tag="720">
      <subfield code="a">Fernández Renna, Ana Inés</subfield>
      <subfield code="e">author</subfield>
   </datafield>
   <datafield ind2=" " ind1=" " tag="720">
      <subfield code="a">Cabeza, Luisa F.</subfield>
      <subfield code="e">author</subfield>
   </datafield>
   <datafield ind2=" " ind1=" " tag="260">
      <subfield code="c">2023-03-09T11:54:28Z</subfield>
   </datafield>
   <datafield ind2=" " ind1=" " tag="260">
      <subfield code="c">2024-10-12T05:10:07Z</subfield>
   </datafield>
   <datafield ind2=" " ind1=" " tag="260">
      <subfield code="c">2022-10-12</subfield>
   </datafield>
   <datafield ind2=" " ind1=" " tag="260">
      <subfield code="c">2023-03-09T11:54:29Z</subfield>
   </datafield>
   <datafield ind2=" " ind1=" " tag="520">
      <subfield code="a">Two high corrosion resistant super-alloys, alloy 800H and alloy 625, were evaluated for corrosion compatibility with molten nitrate salts at 565 ◦C under air atmosphere since these super-alloys are possible candidates for the manufacturing of molten salts solar receivers in the CSP tower technology. Both alloys are tested in two different molten nitrate salts grades to identify how the impurities of the final mixture affect to corrosion damage. Accordingly, a technical grade molten nitrate salt (Solar_Salt_T) and refined molten nitrate salt (Solar_Salt_R) are selected as test media. In addition to corrosion rates calculation, techniques such as XRD, EDS, optical and scanning electron microscopy are used to identify the corrosion morphology and oxides layers chemistry. Alloy 800H and alloy 625 show uniform corrosion after testing without detecting localized phenomena such as pitting, stress corrosion cracking, crevice, or intergranular corrosion. While alloy 800H develops a duplex oxide layer consisting of iron oxides in its external part, and chromium oxide in its innermost layer, alloy 625 generates a compact and highly adherent oxide layer consisting mainly of nickel oxide. Corrosion rates decrease with time, being higher for alloys exposed to Solar_Salt_T mixtures. Moreover, alloy 625 shows lower corrosion rates than alloy 800H in all conditions tested in this study.</subfield>
   </datafield>
   <datafield tag="653" ind2=" " ind1=" ">
      <subfield code="a">Corrosió i anticorrosius</subfield>
   </datafield>
   <datafield tag="653" ind2=" " ind1=" ">
      <subfield code="a">Aliatges</subfield>
   </datafield>
   <datafield tag="653" ind2=" " ind1=" ">
      <subfield code="a">Corrosion and anti-corrosives</subfield>
   </datafield>
   <datafield tag="653" ind2=" " ind1=" ">
      <subfield code="a">Alloys</subfield>
   </datafield>
   <datafield ind2="0" ind1="0" tag="245">
      <subfield code="a">Corrosion performance of alloy 800H and alloy 625 for potential use as molten salts solar receiver materials in concentrating solar power tower plants</subfield>
   </datafield>
</record></metadata></record></GetRecord></OAI-PMH>